| 000 | 02740nac a22002891u 4500 | ||
|---|---|---|---|
| 010 | _a 2005004309 | ||
| 020 | _a0195168003 (cloth : alk. paper) | ||
| 020 | _a0195168011 (pbk. : alk. paper) - 0195168011 | ||
| 035 | _a(OCoLC)ocm57730750 | ||
| 082 | 0 | 0 |
_a336.3435091724 _bJ585 |
| 090 |
_c2081 _d2081 |
||
| 100 | _a20080729 | ||
| 245 | 0 | 0 |
_aSovereign debt at the crossroads : _bchallenges and proposals for resolving the third world debt crisis / _cedited by Chris Jochnick, Fraser A. Preston. |
| 260 |
_aOxford : _aNew York : _bOxford University Press,2006 _c2006. |
||
| 300 |
_axv, 336 p. : _bill. ; _c24 cm. |
||
| 504 | _aIncludes bibliographical references and index. | ||
| 505 | 0 | _aForeword: Jeffrey D. Sachs -- Contributors -- Introduction -- Creditor initiatives in the 1980s and 1990s / David Roodman -- Playing games with African lives: the G-7 debt relief strategy and the politics of indifference / Fantu Cheru -- Sovereign debt and debt crisis in emerging countries: the experience of the 1990s / Daniel Marx, Jose Echague, and Guido Sandleris -- Ecological debt--the economic possibilities for our grandchildren / Andrew Simms -- Defining "illegitimate debt": when creditors should be liable for improper loans / Joseph Hanlon -- The legal case for debt repudiation / Chris Jochnick -- Ethics, market and government failure, and globalization: perspectives on debt and finance / J.E. Stiglitz -- Helping the poor to help themselves: debt relief or aid? / Serkan Arslanalp and Peter Blair Henry -- Using international finance to further conservation: the first 15 years of debt-for-nature swaps / William K. Reilly -- Odious debt / Seema Jayachandran and Michael Kremer -- Dealing comprehensively, and justly, with sovereign debt / Jack Boorman -- The IMF's SDRM--simply disastrous rescheduling management? / Kunibert Raffer -- Dealing with sovereign debt: trends and implications / Arturo C. Porzecanski -- The jubilee 2000 campaign: a brief overview / Ann Pettifor. | |
| 650 | 0 |
_aDebts, External _zDeveloping countries. |
|
| 650 | 0 |
_aDebt relief _zDeveloping countries. |
|
| 700 | 1 | _aJochnick, Chris. | |
| 700 | 1 | _aPreston, Fraser A. | |
| 856 | 4 | 1 |
_3Table of contents only _uhttp://www.loc.gov/catdir/toc/ecip058/2005004309.html |
| 856 | 4 | 1 |
_3Publisher description _uhttp://www.loc.gov/catdir/enhancements/fy0639/2005004309-d.html |
| 942 |
_cBB _k336.3435091724J585 |
||
| 999 |
_c2081 _d2081 |
||